Stavebnícka ročenka 1972
Gespeichert in:
| Format: | Buch |
|---|---|
| Sprache: | Slowakisch |
| Veröffentlicht: |
Bratislava:
Alfa,
1971
|
| Ausgabe: | 1. vyd. |
| Tags: |
Keine Tags, Fügen Sie das erste Tag hinzu!
|
MARC
| LEADER | 00000nam a22000003a 4500 | ||
|---|---|---|---|
| 001 | 0095069 | ||
| 003 | SK-STU | ||
| 005 | 20220502143047.6 | ||
| 007 | ta | ||
| 008 | 220502s ----xo-----e------000-0-----d | ||
| 040 | |a STU |b slo | ||
| 041 | 0 | |a slo |h slo | |
| 044 | |a xo | ||
| 245 | 1 | 0 | |a Stavebnícka ročenka 1972 |
| 250 | |a 1. vyd. | ||
| 260 | |a Bratislava: |b Alfa, |c 1971 | ||
| 300 | |a 388 s. | ||
| 996 | |b 284V037814 |c V* 53395/O-24555 |l VVT |s A |a 24 |w 0095069_0001 | ||